Onward and upward : a biography of Katharine S. White /

Bibliographic Details
Main Author: Davis, Linda H.
Format: Book
Language:English
Published: New York : Harper & Row, [1987]
Edition:1st ed.
Subjects:

MARC

Tag First Indicator Second Indicator Subfields
LEADER 00000cam a2200000 a 4500
001 in00000014855
005 20151007052915.0
008 870114s1987 nyuaf b 00110beng
010 |a  86046055  
020 |a 006015750X :  |c $22.50 
035 |a (OCoLC)15133230 
035 |9 AAA9653AM 
040 |a DLC  |c DLC  |d TXA  |d UtOrBLW 
049 |a TXAM  |c [A11057473] 
050 0 0 |a PN4874.W516  |b D38 1987 
082 0 |a 070.4/1/0924  |a B  |2 19 
100 1 |a Davis, Linda H. 
245 1 0 |a Onward and upward :  |b a biography of Katharine S. White /  |c Linda H. Davis. 
250 |a 1st ed. 
264 1 |a New York :  |b Harper & Row,  |c [1987] 
264 4 |c ©1987 
300 |a xiii, 300 pages, 16 unnumbered pages of plates :  |b illustrations ;  |c 25 cm. 
336 |a text  |b txt  |2 rdacontent 
337 |a unmediated  |b n  |2 rdamedia 
338 |a volume  |b nc  |2 rdacarrier 
504 |a Bibliography: pages 281-283. 
500 |a Includes index. 
600 1 0 |a White, Katharine Sergeant Angell. 
650 0 |a Journalists  |z United States  |v Biography. 
999 |a MARS 
999 f f |s 5ab6e541-f9ce-37b8-8901-5f088450b83e  |i e4e30197-b4a0-3d5e-be43-297f7d1d3930  |t 0 
952 f f |p ric  |a Texas A&M University  |b Rellis Campus  |c Joint Library Facility  |d Remote Storage  |t 0  |e PN4874.W516 D38 1987  |h Library of Congress classification  |i unmediated -- volume  |m A14811057473 
998 f f |a PN4874.W516 D38 1987  |t 0  |l Remote Storage